000 00710nam a2200289Ia 4500
005 20260324130452.0
008 008 260324s9999 xx 000 0 eng d
020 _a9780429126796
037 _aEBOOK
040 _aCRL
040 _beng
040 _cCRL
041 _2eng
041 _aeng
084 _qCRL
100 _aRobert D. E. Sewell
_91181893
245 0 _aProtein Misfolding in Neurodegenerative Diseases
245 0 _bMechanisms and Therapeutic Strategies
260 _bTaylor and Francis
260 _c2007
365 _a
365 _b465
856 _uhttp://www.taylorfrancis.com/books/9780429126796
942 _cEBOOK
999 _c1778086
_d1778086